000 00266pab a2200109 454500
008 180718b xxu||||| |||| 00| 0 eng d
100 _aBanerji, B.K
245 _aNeed for paradigm shifts
650 _aEconomic Development
773 _aFinancial Express
909 _a24050
999 _c24050
_d24050